00365nam a2200145Ia 4500008004100000020001800041041000800059082001600067100001600083245003500099260002100134300003100155365001700186700001600203230718s9999 xx 000 0 und d a9780521899086 aeng a610.28bWIL aWilliams D. aEssential Biomaterials Science c2014bCambridge  a640dRef 1639 E ME (51450) cRs.b5964.00 aWilliams D.